000 00701nas a2200253 4500
001 BR0500406
003 BR-BrBNA
005 20231205105142.0
007 ta
008 230509b bl.|||p| |||| 00| 00por d
040 _aBR-BrBNA
_bpor
_cBiblioteca Nacional de Agricultura
041 _a(Pt)
072 _aE10
100 1 _aCardoso, B.
245 1 _aMais "gás" para a economia
650 _aINDÚSTRIA
650 _aGÁS
650 _aANÁLISE ECONÔMICA
650 _aCONTABILIDADE
650 _aDADOS ESTATÍSTICOS
773 0 _tConjuntura Econômica (Brazil)
_xISSN 0010-5945
_g(Sep 2004), v. 58(9) p. 86
_wBR0500406
909 _a202311
_bLúcia
_c55
_dLúcia Elande
942 _2AGRIS
_n0
_cANA
999 _c181505
_d181505